Statistics for Build-a-Country Puzzle

Click here to take the quiz!

General Stats

  • This quiz has been taken 1,523 times
  • The average score is 5 of 16

Answer Stats

HintCountry% Correct
ASLOLaos
99%
+NOman
51%
+MSamoa
50%
+IMali
48%
Somalia
47%
+CMonaco
27%
+TMalta
21%
Spain
20%
Colombia
16%
+PPanama
15%
Benin
13%
Nepal
13%
Namibia
9%
+EEstonia
8%
+BAlbania
7%
Lebanon
7%

Score Distribution

Percentile by Number Answered

Percent of People with Each Score

Your Score History

You have not taken this quiz